Top 15 Covid-19 getroffen landen - 15 september 2021 - Statistieken

Algemene statistieken
  • Deze quiz is 6 keer genomen
  • De gemiddelde score is 13 van 26
Antwoordstatistieken
land % Correct
Duitsland
100%
Frankrijk
100%
Mexico
100%
Nederland
100%
Rusland
100%
Spanje
100%
Verenigde Staten
100%
Italië
80%
Verenigd Koninkrijk
80%
Argentinië
60%
Brazilië
60%
India
60%
Colombia
40%
Iran
40%
Turkije
40%
Zweden
40%
Estland
20%
Indonesië
20%
Israël
20%
Litouwen
20%
Uruguay
20%
Bahrein
0%
Georgië
0%
Panama
0%
Slovenië
0%
Tsjechië
0%
Geen overeenkomende quizzen gevonden
Scoreverdeling
Procent van Mensen met Elke Score
Percentiel versus Aantal Correcte Antwoorden
Uw Scoregeschiedenis
U heeft deze quiz nog niet genomen